Fun Geography quiz #3 - Statistics

General Stats
  • This quiz has been taken 13 times
  • The average score is 5 of 15
Answer Stats
Hint Answer % Correct
What is the only capital in Europe that begins with the letter “L” but doesn’t have an “O” in its name? Ljubljana
62%
What country would you have to pass through to get between the only two countries starting with “A” but not ending with “A”? Iran
54%
What is the only country in Europe not containing any letters of JETPUNK in its name? Moldova
54%
Canada is an example of a country with half of its letters being the same. What is the only African country of that kind? Togo
54%
Singapore is the most densely populated island country. What is the next one? Bahrain
38%
What country in the world has the most official languages? Bolivia
38%
Amsterdam is one of the two capitals below sea level. What is the other one? Baku
31%
What is the only Arab country in the southern hemisphere? Comoros
31%
What is the only African country with only one maritime border? (a maritime border is a border of sea territories) Democratic Republic of the Congo
31%
What country has the highest lowest point? Lesotho
31%
Zambia is the last country alphabetically with 8 neighbors. What is the next to the last country with 8 neighbors? Turkey
31%
What is the most densely populated city in the world? Manila
23%
What country in the world has the most red on its flag? Morocco
23%
What two countries have the most separate segments of borders between them? Netherlands and Belgium
23%
What landlocked country is the closest to not being landlocked? San Marino
15%
No matching quizzes found
Score Distribution
Percent of People with Each Score
Percentile by Number Answered
Your Score History
You have not taken this quiz